| 000 | 00772cam a2200241 4500 | ||
|---|---|---|---|
| 008 | 090401t1992 xxu||||| |||| 00| 0 eng d | ||
| 020 | _a0851219276 | ||
| 035 | _a(Sirsi) u5693 | ||
| 041 | _aeng | ||
| 050 | _a346.4104343 | ||
| 100 | _aSweet, Robert | ||
| 245 | _aCommercial leases: tenants amendments. | ||
| 260 |
_aLondon _bLongman _c1992 |
||
| 300 | _axi,191p. ; 22cm. | ||
| 350 | _a30 | ||
| 520 | _aA guide for conveyancers when amending and settling agreements for business leases, which prints many examples of amendments to common form clauses and provisions. | ||
| 650 | _aBUSINESS TENANCIES | ||
| 650 | _aCOMMERCIAL LEASES | ||
| 650 | _aTENANTS AMENDMENTS | ||
| 690 | _aLANDLORD AND TENANT-BUSINESS TENANCIES | ||
| 942 | _n0 | ||
| 948 | _c04/03/1997 | ||
| 999 |
_c86198 _d86198 |
||